000 00371nam a2200157Ia 4500
008 230312s9999||||xx |||||||||||||| ||und||
020 _a0-415-26151-1
082 _a791.45
_bHIL-R
100 _aHill Annette
245 0 _aReality TV
260 _bRoutledge
_aLandon
_c2005
300 _a223
546 _aEng.
650 _aMass com
_vUnderstanding reality TV
942 _cBK
999 _c127
_d127